00342nam a2200109Ia 4500008004100000082000800041100002300049245004400072942000600116952009500122999001500217240331s9999 xx 000 0 und d bTHI aThirunavukarasu, K 0aThiravida lyakka Ithalkal :boru parvai cL 001040708LaWERCLbWERCLcSSCd2024-03-31l0o 894 THIp4202r2024-03-31w2024-03-31yL c4170d4170